| 000 | 00769cam a2200241u 4500 | ||
|---|---|---|---|
| 001 | 27938 | ||
| 003 | BD-RjUL | ||
| 005 | 20211209051223.0 | ||
| 008 | 140329s1927 nyu 000 0aeng | ||
| 035 | _a(BD-RjUL)28019 | ||
| 040 |
_aDLC _cCarP _dDLC _dBD-RjUL _beng |
||
| 041 | _aeng | ||
| 082 |
_a730.0924 _bCEA 1927 |
||
| 100 | 1 |
_aCellini, Benvenuto, _d1500-1571. _985690 |
|
| 245 | 0 | 4 |
_aThe autobiography of Benvenuto Cellini / _cby Benvenuto Cellini; translated by John Addington Symonds. |
| 260 |
_aNew York : _bModern Library, _c1927. |
||
| 300 |
_a485 p. ; _c19 cm. |
||
| 600 | 0 |
_aCellini, Benvenuto, _y1500-1571. _985803 |
|
| 700 | 1 |
_aSymonds, John Addington, _d1840-1893, _etr. _967617 |
|
| 942 |
_2ddc _cBK |
||
| 999 |
_c27938 _d27938 |
||